00759nam a22002297a 450000500170000001000130001702000230003003500130005303700160006604000120008208200110009410000230010524500480012826000500017627000430022630000190026965000250028865000190031394200200033299900190035295201580037120170124110121.0 aA-555086 c100.00a8171892663 aA-555086 bCen Lib/Ret aDPLbEN aNbKAR aKaran Singh910184 aThe mountain of the shiva :cby Karan Singh aCalcutta bWriters workshop publicationc1992 bCalcutta a162/92 Lake garden e700045 a97p.c21cm(Hb) a Lliterature 930610 aFiction 98901 2ddccENhNmKAR c131026d131026 04104070aLbLd2015-07-11eCen Lib/Retg100.00l0oN KARpA-555086r2015-07-11 00:00:00t1v100.00w2015-07-11yENzW/d List No. 6849/15 : dtd 16/7/20